LEADER 01358nam a2200301 a 4500 001 000000128354 003 CaOOAMICUS 005 20120417101432.0 008 120417s2011 it o u000 u ita r 040 $aPUL$bita 041 1 $aita$heng 082 04$a909.8 100 1 $aDunstan, Simon.$0(OLS)http://pul/name/82010 240 10$aSix day war 1967: Jordan and Syria.$lItaliano.$0(OLS)http://pul/title/162211 245 13$aLa guerra dei Sei Giorni :$bGiordania e Siria /$cSimon Dunstan ; illustrazioni di Peter Dennis. 260 $aMilano :$bRBA Italia,$cİ2011. 300 $a96 p. :$bill., foto. ;$c25 cm. 490 1 $aGuerre contemporanee. Gli eserciti, gli armamenti, le scelte cruciali ;$v13 500 $aPubblicazione periodica settimanale. 700 1 $aDennis, Peter.$0(OLS)http://pul/name/70959 830 0$aGuerre contemporanee.$pGli eserciti, gli armamenti, le scelte cruciali ;$v13.$0(OLS)http://pul/title/160108 850 $aPUL 852 $aPUL$W1$xDP2 Filosofia 3$y112$m909. 8 COLL 1.13$j148661$qDDC 21$B147183$CPULBib$Z2$F147183 $H118679 $82 941 1 $a9 996 $6082$a909.8$9(OLS)http://pul/classification/2131 996 $6245$aLa guerra dei Sei Giorni :$bGiordania e Siria$9(OLS)http://pul/title/162209 996 $6260$aMilano :$bRBA Italia$9(OLS)http://pul/publisher/80118 LEADER 01044nam a2200265 u 4500 001 000000039691 003 CaOOAMICUS 005 20070226114023.0 008 980519s1949 it u000 u ita u 035 $a10795085 040 $aPUL(R)$bita 100 1 $aSotgia, Sergio.$0(OLS)http://pul/name/29487 245 13$aLa cessione dei beni ai creditori /$cSergio Sotgia. 260 $aTorino :$bUTET,$c1949. 300 $a88 p. ;$c25 cm 490 1 $aTrattato di diritto civile italiano ;$v9,3 504 $aBibliografia in nota. 650 4$aDiritto civile$zItalia.$0(OLS)http://pul/subject/3770 830 0$aTrattato di diritto civile italiano ;$v9,3.$0(OLS)http://pul/title/6361 850 $aPUL 852 $aPUL$W1$xDP2 Diritto e Scienze Sociali 1$y65$m173 D 32$j54042$nBK-PRI$qStampati$B54042$CPULBib$Z2$F54042 $H13454 $82 941 1 $a8 961 $aINV: 13454 996 $6245$aLa cessione dei beni ai creditori$9(OLS)http://pul/title/53708 996 $6260$aTorino :$bUTET$9(OLS)http://pul/publisher/48088